| 000 | 00833nam a2200241Ia 4500 | ||
|---|---|---|---|
| 003 | GCL | ||
| 008 | 140319s9999 xx 000 0 ara d | ||
| 020 | _a4217345977 | ||
| 040 |
_aGCL / _cGCL |
||
| 082 | 0 | 4 |
_a371.1 _bس د |
| 100 | 1 | _aسميث، روجر | |
| 245 | 1 | 0 |
_aدليل المدرس الاول / _cسميث، روجر |
| 260 |
_aالقاهرة : _bدار الفاروق للنشر والتوزيع ، _c2003 |
||
| 300 |
_a200 ص ؛ _c24 سم |
||
| 490 |
_aسلسلة تطوير التعليم _v0 |
||
| 650 | 0 | 4 | _aالتدريس |
| 650 | 0 | 4 | _aالمدرسون - تدريب |
| 650 | 0 | 4 | _aالتعليم - طرق تدريس |
| 650 | 0 | 4 | _aالمدرسون - الاشتراك فى الادارة |
| 650 | 0 | 4 | _aالمدرسون - اختيار وتعيين |
| 650 | 0 | 4 | _aالمدرسون - تقييم |
| 942 |
_2ddc _cBK |
||
| 999 |
_c6185 _d6185 |
||